Разработка конструкции экспериментальных образцов ламп и определение оптимальных условий возбуждения люминисценции в тепловых источниках света: Отчет о НИР; Тема: № 1-147/73

Chi tiết về thư mục
Tác giả của công ty: Томский политехнический институт (ТПИ) (595)
Tác giả khác: Стыров В. В. (руководитель), Денисов И. П. (исполнитель)
Ngôn ngữ:Tiếng Nga
Được phát hành: Томск, 1975
Những chủ đề:
Định dạng: MixedMaterials Sách
KOHA link:https://koha.lib.tpu.ru/cgi-bin/koha/opac-detail.pl?biblionumber=174632

MARC

LEADER 00000nbm0a2200000 4500
001 174632
005 20231031164858.0
035 |a (RuTPU)RU\TPU\book\189363 
090 |a 174632 
100 |a 20100201d1975 k y0rusy50 ca 
101 0 |a rus 
102 |a RU 
105 |a a p 001zy 
200 1 |a Разработка конструкции экспериментальных образцов ламп и определение оптимальных условий возбуждения люминисценции в тепловых источниках света  |e Отчет о НИР  |e Тема: № 1-147/73  |f Томский политехнический институт (ТПИ) ; руководитель В. В. Стыров ; И. П. Денисов 
210 |a Томск  |d 1975 
215 |a 127 л. 
320 |a Библиогр.: с. 121-127. 
610 1 |a отчеты о НИР 
610 1 |a лампы 
610 1 |a экспериментальные образцы 
610 1 |a люминесценция 
610 1 |a тепловые источники света 
610 1 |a люминофоры 
610 1 |a физико-химические свойства 
610 1 |a поверхностное модифицирование 
610 1 |a газовое наполнение 
675 |a 621.327(04)  |v 3 
702 1 |a Стыров  |b В. В.  |4 673 
702 1 |a Денисов  |b И. П.  |4 677 
712 0 2 |a Томский политехнический институт (ТПИ)  |c (1944-1991)  |2 stltpush  |3 (RuTPU)RU\TPU\col\1123  |4 595 
801 1 |a RU  |b 63413507  |c 20100201 
942 |c BK